=LDR 00000nam 2200000 4500 =001 001047 =005 20250712034527 =035 ##$$a 0010-0725000928 =007 ta =008 250712################a##########0#ind## =020 ##$$a 978-623-307-435-3 =082 ##$$a 398.209 598 =084 ##$$a 398.209 598 GEN m =100 #$$a genale Wako oda =245 1#$$a mengapa hiena incang /$c oda Wako genale =250 ##$$a Pertama =260 ##$$a Jakarta :$b Badan pengembangan dan pembinaan bahasa,$c 2022 =300 ##$$a 18HLM. : $b ilus. ; $c 29 cm =650 #4$$a Cerita anak Indonesia terjemahan =650 #4$$a Literasi bahan bacaan =990 ##$$a TBM202401006